Výkon samosprávy obcami
Proces decentralizácie verejnej správy znamenal presun jednotlivých kompetenčných okruhov zo štátnej správy na samosprávu. V rámci zákonom ustanovených kompetencií, ktoré vykonávajú obce je potrebné vyzdvihnúť predovšetkým správu školstva, územné plánovanie, stavebné konanie a taktiež opatrovateľskú...
Enregistré dans:
| Auteur principal: | |
|---|---|
| Format: | Chapitre de livre |
| Langue: | slovaque |
| Sujets: | |
| Tags: |
Pas de tags, Soyez le premier à ajouter un tag!
|
MARC
| LEADER | 00000naa a2200000 4500 | ||
|---|---|---|---|
| 001 | 0267455 | ||
| 005 | 20200806085253.6 | ||
| 041 | 0 | |a slo | |
| 044 | |a SK | ||
| 245 | 1 | 0 | |a Výkon samosprávy obcami |c Ladislav Hrtánek |
| 520 | |a Proces decentralizácie verejnej správy znamenal presun jednotlivých kompetenčných okruhov zo štátnej správy na samosprávu. V rámci zákonom ustanovených kompetencií, ktoré vykonávajú obce je potrebné vyzdvihnúť predovšetkým správu školstva, územné plánovanie, stavebné konanie a taktiež opatrovateľskú službu. Kontrolná právomoc plnenia úloh decentralizovanej verejnej správy. | ||
| 610 | 2 | 0 | |a samospráva miestna |
| 610 | 2 | 0 | |a obce |
| 610 | 2 | 0 | |a decentralizácia |
| 610 | 2 | 0 | |a školstvo |
| 610 | 2 | 0 | |a plánovanie územné |
| 610 | 2 | 0 | |a služby sociálne |
| 610 | 2 | 0 | |a správa verejná |
| 100 | 1 | |a Hrtánek, Ladislav | |